000 00382nam a2200157Ia 4500
008 151213s9999 xx 000 0 und d
100 _aC. B.Purdom
245 _aA . Guide To The Play OF Bernard Shaw
_cC. B.Purdom
250 _a1st
260 _aLondon
_bMetuen Com.
_c1963
300 _a4347 p.
650 _aEnglish
650 _aPlays
700 _aC. B.Purdom
999 _c2761
_d2761